000 00502nam a22001697a 4500
999 _c20028
_d20028
003 BDDh-ASL
005 20231015025833.0
008 201224s1902 v ||||| |||| 00| 0 eng d
040 _cBDDh-ASL
082 _a220
_bBIH
110 1 _92566
_aThe Birtish and Foreign Bible Society
245 0 4 _aThe Holy Bible:
_bContaining the Old and New Testaments /
260 _aVictoria:
_bThe Birtish and Foriegn Bible Society,
_c1902.
300 _a921 p.:
_c17 cm.
650 0 _92558
_aBible
942 _2ddc
_cBK